Britain on the edge of Europe

Saved in:
Bibliographic Details
Main Author: Chisholm, Michael 1931-
Format: Book
Language:English
Published: London : Routledge, c1995
Subjects:
Tags: Add Tag
No Tags, Be the first to tag this record!

MARC

LEADER 00000nam a2200000 i 4500
001 1/96674
008 991215s1995 eng d
020 |a 0-415-11921-9 
035 |l 10055850 
040 |a GR-MY-UA  |b gre  |e aacr 
041 0 |a eng 
082 0 |a 337.4104 
100 1 |a Chisholm, Michael  |d 1931- 
245 1 0 |a Britain on the edge of Europe /  |c Michael Chisholm 
260 |a London :   |b Routledge,   |c c1995 
300 |a 182 p.  |b tabl.; fig. 
504 |a Includes bibliographical references and index 
651 0 |a Great Britain  |x Civilization  |x European influences. 
651 0 |a Great Britain  |x Relations  |z European Union countries. 
651 0 |a European Union countries  |x Relations  |z Great Britain. 
651 0 |a Great Britain  |x Relations  |z Europe. 
651 0 |a Europe  |x Relations  |z Great Britain. 
852 |a INST  |b LESVOS  |e 19991215  |h 337.4104 CHR  |p 005100018750  |q 005100018750  |t BK  |y 0 
901 |a BIBL1-2000-1 
909 |a Λ  |b 070229 
922 |a 1ΕΛΗ  |b 199911  |c ΚΠΣ/ΤΓ  |d LEADER 
950 |a 118-1999-09-03 
970 |a ΜΟΥΣΤΑΚΑ  |b ΠΗΝΕΛΟΠΗ  |z 2000/02/01